[Event "Wijk aan Zee 86/134"]
[Site "?"]
[Date "2003.??.??"]
[Round "?"]
[White "Anand, V."]
[Black "Ponomariov, R."]
[Result "1-0"]
[WhiteElo "2753"]
[BlackElo "2734"]
[PlyCount "67"]
[EventDate "2003.??.??"]
[Source "Chess Informant"]
[SourceDate "2002.10.01"]

1. e4 c5 2. Nf3 Nc6 3. d4 cxd4 4. Nxd4 e5 5. Nb5 d6 6. N1c3 a6 7. Na3 Nf6 8. Nc4 b5 9. Ne3 b4 10. Ncd5 Nxe4 11. a3 bxa3 12. Rxa3 g6 13. c3 Bd7 14. Nc4 Rb8 15. Be3 f5 16. Bb6 Rxb6 17. Ncxb6 Bh6 18. Bd3 O-O 19. Bxe4 fxe4 20. O-O Be6 21. Rxa6 Qh4 22. Qe2 Nd8 23. Ra8 Kg7 24. g3 Bg4 25. gxh4 Bxe2 26. Rfa1 g5 27. Nd7 Rf5 28. Rxd8 gxh4 29. Rg8+ Kf7 30. Ra7 Rf3 31. N7f6+ Ke6 32. Re7+ Kf5 33. Ng4 Bd2 34. Nge3+ 1-0

[Event "PCA/Intel-GP"]
[Site "Paris"]
[Date "1995.??.??"]
[Round "2"]
[White "Ivanchuk, Vassily"]
[Black "Kramnik, Vladimir"]
[Result "1/2-1/2"]
[WhiteElo "2740"]
[BlackElo "2730"]
[PlyCount "132"]
[EventDate "1995.11.??"]
[Source "ChessBase"]

1. e4 c5 2. Nf3 Nc6 3. d4 cxd4 4. Nxd4 e5 5. Nb5 d6 6. c4 Be7 7. N1c3 a6 8. Na3 Be6 9. Nc2 Rc8 10. b3 Nf6 11. Bd3 O-O 12. O-O Nd7 13. Bb2 Nc5 14. Ne3 Bg5 15. Ncd5 Nd4 16. Re1 b5 17. cxb5 axb5 18. Bxd4 exd4 19. Nf5 Bxd5 20. exd5 Bf6 21. Bxb5 d3 22. Rc1 g6 23. Ng3 Qa5 24. Bxd3 Qxa2 25. Bc4 Qa5 26. Ne4 Nxe4 27. Rxe4 Rfe8 28. Rxe8+ Rxe8 29. g3 Qb6 30. Kg2 Bd4 31. Rc2 Kg7 32. Bb5 Qxb5 33. Qxd4+ Kg8 34. Rc6 Qxb3 35. Rxd6 Qc2 36. Rd7 Qf5 37. Rc7 Qe4+ 38. Qxe4 Rxe4 39. Kf3 Rd4 40. Rc5 Kf8 41. Ke3 Rd1 42. Ke4 Rd2 43. Ke5 Rxf2 44. Rc8+ Ke7 45. Rc7+ Kd8 46. Ra7 Rf5+ 47. Kd6 Rf6+ 48. Kc5 Rf2 49. Kc6 Rxh2 50. Rxf7 Ke8 51. Ra7 Rc2+ 52. Kd6 h5 53. Rg7 Ra2 54. Ke6 Re2+ 55. Kf6 Rd2 56. Ke5 Re2+ 57. Kd6 Ra2 58. Kc6 Ra6+ 59. Kc5 Kf8 60. Rc7 Ra5+ 61. Kc6 Ra6+ 62. Kc5 Ra3 63. d6 Ke8 64. Rg7 Rxg3 65. Kc6 Rc3+ 66. Kd5 Rd3+ 1/2-1/2

[Event "It"]
[Site "Linares it"]
[Date "1994.??.??"]
[Round "?"]
[White "Polgar, Judit"]
[Black "Kasparov, Gary"]
[Result "0-1"]
[WhiteElo "2630"]
[BlackElo "2805"]
[PlyCount "87"]
[EventDate "1994.??.??"]
[Source "www.chesslib.no"]
[SourceDate "2004.05.04"]

1. e4 c5 2. Nf3 Nc6 3. d4 cxd4 4. Nxd4 e5 5. Nb5 d6 6. a4 Be6 7. N1c3 a6 8. Na3 Rc8 9. Bc4 Bxc4 10. Nxc4 Nd4 11. Ne3 Be7 12. Ncd5 Bg5 13. c3 Ne6 14. O-O h5 15. a5 Ne7 16. Nf5 Nxf5 17. exf5 Bxc1 18. fxe6 fxe6 19. Nb6 Bxb2 20. Nxc8 Bxa1 21. Nxd6+ Ke7 22. Ne4 Qxd1 23. Rxd1 Bb2 24. Rb1 Rd8 25. Kf1 Ba3 26. Rxb7+ Rd7 27. Rb3 Bc1 28. Rb6 Rc7 29. Ke2 Ba3 30. Rxa6 Bb2 31. Kd3 Ba3 32. Rb6 Bc5 33. Rb5 Bd6 34. a6 Rd7 35. Kc2 Ra7 36. Rb7+ Rxb7 37. axb7 Bb8 38. Nc5 e4 39. Na6 e3 40. fxe3 Bxh2 41. b8=Q Bxb8 42. Nxb8 Kd6 43. Kd3 g5 44. Ke4 0-1

[Event "Corus"]
[Site "Wijk aan Zee"]
[Date "2003.01.14"]
[Round "3"]
[White "Shirov, Alexei"]
[Black "Ivanchuk, Vassily"]
[Result "1/2-1/2"]
[WhiteElo "2723"]
[BlackElo "2699"]
[PlyCount "40"]
[EventDate "2003.01.11"]
[Source "ChessBase"]
[SourceDate "2003.04.01"]

1. e4 c5 2. Nf3 Nc6 3. d4 cxd4 4. Nxd4 e5 5. Nb5 d6 6. N1c3 a6 7. Na3 Nf6 8. Nc4 b5 9. Ne3 Be7 10. Bd3 O-O 11. O-O Rb8 12. Ncd5 Nxd5 13. exd5 Na5 14. a4 b4 15. Bd2 f5 16. c3 bxc3 17. Bxc3 e4 18. Bc2 Bf6 19. g3 Bd7 20. Rb1 Nb7 1/2-1/2

[Event "Madrid"]
[Site "?"]
[Date "1993.??.??"]
[Round "?"]
[White "Anand, V."]
[Black "Kramnik, Vladimir"]
[Result "1/2-1/2"]
[WhiteElo "2710"]
[BlackElo "2685"]
[PlyCount "70"]
[EventDate "1993.??.??"]
[Source "ChessBase"]
[SourceDate "1993.06.01"]

1. e4 c5 2. Nf3 Nc6 3. d4 cxd4 4. Nxd4 e5 5. Nb5 d6 6. c4 Be7 7. N1c3 a6 8. Na3 Be6 9. Nc2 Rc8 10. Bd2 Bg5 11. Bxg5 Qxg5 12. Qd2 Qxd2+ 13. Kxd2 g6 14. Bd3 f5 15. f3 Nf6 16. Nd5 Bxd5 17. cxd5 fxe4 18. Bxe4 Nb8 19. Ne3 Nxe4+ 20. fxe4 Nd7 21. Rac1 Ke7 22. b4 Rhf8 23. Kd3 a5 24. a3 Ra8 25. Rc7 axb4 26. axb4 Ra3+ 27. Rc3 Rxc3+ 28. Kxc3 Rf4 29. Kd3 Nf6 30. Rc1 Kd7 31. Rf1 Nxe4 32. Rxf4 exf4 33. Ng4 Ng5 34. h4 f3 35. g3 Nf7 1/2-1/2

[Event "Sicilia"]
[Site "Buenos Aires Sicilia"]
[Date "1994.??.??"]
[Round "1"]
[White "Polgar, Judit"]
[Black "Shirov, Alexei D"]
[Result "1-0"]
[WhiteElo "2630"]
[BlackElo "2715"]
[PlyCount "52"]
[EventDate "1994.??.??"]
[Source "www.chesslib.no"]
[SourceDate "2004.05.04"]

1. e4 c5 2. Nf3 Nc6 3. d4 cxd4 4. Nxd4 e5 5. Nb5 d6 6. c4 Be7 7. N1c3 a6 8. Na3 h6 9. Nc2 Be6 10. Be2 Bg5 11. O-O Nge7 12. b3 Bxc1 13. Rxc1 O-O 14. Qd2 Qd7 15. Nd5 Rad8 16. b4 Ng6 17. a4 Nce7 18. a5 f5 19. exf5 Nxf5 20. Bg4 Nfh4 21. Be2 Ne7 22. Nd4 Bxd5 23. Rfe1 Rxf2 24. Nb3 e4 25. Qa2 Rb8 26. Qa3 Rxe2 1-0

[Event "Dortmund"]
[Site "Dortmund"]
[Date "1995.??.??"]
[Round "6"]
[White "Leko, Peter"]
[Black "Kramnik, Vladimir"]
[Result "1/2-1/2"]
[WhiteElo "2605"]
[BlackElo "2730"]
[PlyCount "43"]
[EventDate "1995.07.??"]
[Source "ChessBase"]

1. e4 c5 2. Nf3 Nc6 3. d4 cxd4 4. Nxd4 e5 5. Nb5 d6 6. c4 Be7 7. Be2 f5 8. exf5 Bxf5 9. Bg5 a6 10. Bxe7 Kxe7 11. N5c3 Nf6 12. O-O Qb6 13. b3 Rhd8 14. Bd3 Be6 15. Be4 Qd4 16. Qe2 Nxe4 17. Nxe4 Qxa1 18. Nbc3 Nd4 19. Qd2 Qxf1+ 20. Kxf1 h6 21. Ne2 Nxe2 22. Kxe2 1/2-1/2

[Event "Rotterdam"]
[Site "?"]
[Date "1990.??.??"]
[Round "?"]
[White "Timman, J."]
[Black "Short, N."]
[Result "1-0"]
[WhiteElo "2680"]
[BlackElo "2635"]
[PlyCount "101"]
[EventDate "1990.??.??"]
[Source "ChessBase"]
[SourceDate "1990.01.01"]

1. e4 c5 2. Nf3 Nc6 3. d4 cxd4 4. Nxd4 e5 5. Nb5 d6 6. c4 Be7 7. N1c3 a6 8. Na3 Be6 9. Be2 Nd4 10. O-O Rc8 11. Bg4 Nf6 12. Bxe6 fxe6 13. Be3 Qb6 14. Nc2 Rxc4 15. Qd3 Qc7 16. Bxd4 exd4 17. Nxd4 Kf7 18. Rad1 Re8 19. Kh1 Bf8 20. f4 Kg8 21. f5 exf5 22. exf5 Re5 23. Nf3 Rec5 24. Nd2 Rh4 25. Qg3 Rb4 26. a3 Rxb2 27. Na4 Rxd2 28. Rxd2 Rc4 29. Qb3 Kh8 30. Nb6 Rc3 31. Nd5 Rxb3 32. Nxc7 Rxa3 33. Ne6 Be7 34. Rc2 h5 35. Rc8+ Ng8 36. Nf4 Kh7 37. Ng6 Re3 38. g3 d5 39. Rb8 b5 40. Rc1 Rf3 41. Rxg8 Kxg8 42. Rc8+ Kf7 43. Ne5+ Kf6 44. Nxf3 Kxf5 45. Kg2 Bf6 46. Ra8 Ke4 47. Rxa6 b4 48. Kf2 Kd3 49. Ne1+ Kd2 50. Ra5 d4 51. Ra2+ 1-0

[Event "Linares"]
[Site "?"]
[Date "1993.??.??"]
[Round "?"]
[White "Ljubojevic, Lj"]
[Black "Ivanchuk, V."]
[Result "1/2-1/2"]
[WhiteElo "2605"]
[BlackElo "2710"]
[PlyCount "94"]
[EventDate "1993.??.??"]
[Source "ChessBase"]
[SourceDate "1993.02.01"]

1. e4 c5 2. Nf3 Nc6 3. d4 cxd4 4. Nxd4 e5 5. Nb5 d6 6. c4 Be7 7. N1c3 a6 8. Na3 Be6 9. Nc2 Rc8 10. Bd2 Bg5 11. Bxg5 Qxg5 12. Qd2 h6 13. Rd1 Qxd2+ 14. Kxd2 Nf6 15. f3 Ke7 16. Bd3 Rc7 17. Rc1 Rhc8 18. Nd5+ Bxd5 19. cxd5 Nb8 20. Ne3 Rxc1 21. Nf5+ Kd8 22. Rxc1 Rxc1 23. Kxc1 Ne8 24. g4 Nd7 25. b4 Kc7 26. a4 Ndf6 27. a5 h5 28. g5 Nh7 29. h4 f6 30. gxf6 Nhxf6 31. Kd2 Kd8 32. Ke3 Ng8 33. Ng3 Nef6 34. Nf5 Ne8 35. Bf1 Ne7 36. Nxe7 Kxe7 37. Bh3 Kd8 38. Bf5 Nf6 39. Kd3 Ng8 40. Bg6 Nf6 41. Ke3 Ke7 42. Kf2 Kd8 43. Kg3 Kc7 44. f4 b5 45. Kf3 Kd7 46. Bf7 Kc7 47. Be6 Kb8 1/2-1/2

[Event "Shenyang"]
[Site "?"]
[Date "2000.??.??"]
[Round "?"]
[White "Gelfand, B."]
[Black "Tregubov, P."]
[Result "1/2-1/2"]
[WhiteElo "2680"]
[BlackElo "2620"]
[PlyCount "57"]
[EventDate "2000.??.??"]
[Source "Chess Informant"]
[SourceDate "2000.06.01"]

1. e4 c5 2. Nf3 Nc6 3. d4 cxd4 4. Nxd4 e5 5. Nb5 d6 6. c4 Be7 7. b3 f5 8. Ba3 Nf6 9. N1c3 O-O 10. Bxd6 a6 11. Bxe7 Qxe7 12. Nd6 fxe4 13. c5 Be6 14. Bc4 Rad8 15. O-O b6 16. Bxe6+ Qxe6 17. Qb1 e3 18. fxe3 bxc5 19. Nb7 Rc8 20. Nxc5 Qe7 21. N5e4 Nb4 22. a3 Nxe4 23. Rxf8+ Qxf8 24. Qxe4 Rxc3 25. axb4 h6 26. Rf1 Qd6 27. h4 Qd3 28. Qxe5 Qxe3+ 29. Qxe3 1/2-1/2

[Event "Hilversum (m/5)"]
[Site "?"]
[Date "1989.??.??"]
[Round "?"]
[White "Timman, J."]
[Black "Short, N."]
[Result "0-1"]
[WhiteElo "2635"]
[BlackElo "2660"]
[PlyCount "72"]
[EventDate "1989.??.??"]
[Source "ChessBase"]
[SourceDate "1989.07.01"]

1. e4 c5 2. Nf3 Nc6 3. d4 cxd4 4. Nxd4 e5 5. Nb5 d6 6. c4 Be7 7. N1c3 a6 8. Na3 Be6 9. Be2 Bg5 10. Bxg5 Qxg5 11. O-O Rd8 12. Nd5 h5 13. Nc2 h4 14. Qd3 Bxd5 15. exd5 Nce7 16. Qe3 Qxe3 17. Nxe3 Nh6 18. f4 exf4 19. Rxf4 Ng6 20. Re4+ Kd7 21. Bg4+ Nxg4 22. Rxg4 Rde8 23. Nf5 Re2 24. b4 h3 25. c5 Ne5 26. Rxg7 dxc5 27. bxc5 hxg2 28. Rxg2 Nf3+ 29. Kf1 Re5 30. Nd6 Rxd5 31. Nxb7 Nxh2+ 32. Kg1 Nf3+ 33. Kf2 Rh3 34. Rg7 Ng5 35. Rg1 Rd2+ 36. Kf1 Rc3 0-1

[Event "Belgrade"]
[Site "Belgrade"]
[Date "1989.??.??"]
[Round "?"]
[White "Timman, Jan H"]
[Black "Short, Nigel D"]
[Result "1/2-1/2"]
[WhiteElo "2635"]
[BlackElo "2660"]
[PlyCount "63"]
[EventDate "1989.11.??"]
[Source "ChessBase"]

1. e4 c5 2. Nf3 Nc6 3. d4 cxd4 4. Nxd4 e5 5. Nb5 d6 6. c4 Be7 7. N1c3 a6 8. Na3 Be6 9. Nc2 Rc8 10. b3 Nf6 11. Be2 O-O 12. O-O b5 13. cxb5 axb5 14. Bf3 Nb4 15. Nxb4 Rxc3 16. Bd2 Rc8 17. Qe2 Qb6 18. Rfd1 h6 19. h3 Rc7 20. Rac1 Rfc8 21. Rxc7 Rxc7 22. Qd3 Qb7 23. Rc1 Bd8 24. Rc2 Rxc2 25. Nxc2 Bc7 26. Nb4 Bd7 27. Be3 Qa8 28. Qc2 Ba5 29. Bd2 Bb6 30. Be3 Ba5 31. Bd2 Bb6 32. Be3 1/2-1/2

[Event "Buenos Aires Sicilian"]
[Site "Buenos Aires"]
[Date "1994.??.??"]
[Round "13"]
[White "Ljubojevic, Ljubomir"]
[Black "Salov, Valery"]
[Result "1-0"]
[WhiteElo "2580"]
[BlackElo "2710"]
[PlyCount "153"]
[EventDate "1994.10.??"]
[Source "ChessBase"]

1. e4 c5 2. Nf3 Nc6 3. d4 cxd4 4. Nxd4 e5 5. Nb5 d6 6. c4 Be7 7. N1c3 a6 8. Na3 Be6 9. Nc2 Rc8 10. b3 Nf6 11. Bd3 O-O 12. Bb2 Nd7 13. O-O Nc5 14. Be2 Kh8 15. b4 Nd7 16. Nd5 Bg5 17. a3 Ne7 18. Nce3 Nb6 19. Qb3 a5 20. bxa5 Nd7 21. Nxe7 Nc5 22. Qb4 Bxe7 23. Nd5 Bxd5 24. cxd5 Ra8 25. Bc3 Qc7 26. Rfc1 Bg5 27. Rc2 Na6 28. Qb1 Rfc8 29. Raa2 Nc5 30. Bb4 Rxa5 31. Bxa5 Qxa5 32. Rc4 g6 33. g3 Kg7 34. Kg2 Bf6 35. a4 Ra8 36. Rb4 Qc7 37. Rb5 Bd8 38. a5 Qe7 39. h4 h5 40. Ra3 b6 41. Rxb6 Bxb6 42. Qxb6 Nxe4 43. a6 Ra7 44. Bb5 Nc5 45. Bc6 Rxa6 46. Rxa6 Nxa6 47. Qxa6 Qf6 48. Qa3 Qd8 49. Qc3 Kg8 50. Qb2 Qe7 51. Qb6 Kg7 52. Bb5 Kg8 53. Kg1 Kg7 54. Bf1 Kg8 55. Bg2 Kg7 56. Kh2 Kg8 57. Qe3 Qc7 58. Bf3 Qc4 59. Kg2 Qb4 60. Qe4 Qc3 61. g4 hxg4 62. Qxg4 Kf8 63. h5 gxh5 64. Qxh5 Qd2 65. Qh8+ Ke7 66. Qh4+ Ke8 67. Qf6 Qb4 68. Kg3 Qa3 69. Kg4 Qc1 70. Kg3 Qa3 71. Kg2 Qc5 72. Qh8+ Ke7 73. Qh4+ Ke8 74. Qe4 Qc1 75. Bh5 Qg5+ 76. Qg4 Qf6 77. Qe6+ 1-0

[Event "Aeroflot (open)"]
[Site "?"]
[Date "2004.02.22"]
[Round "6"]
[White "Sadvakasov Darmen"]
[Black "Lautier Joel"]
[Result "1/2-1/2"]
[WhiteElo "2611"]
[BlackElo "2676"]
[PlyCount "59"]
[EventDate "2004.??.??"]
[Source "www.chesslib.no"]
[SourceDate "2004.05.04"]

1. e4 c5 2. Nf3 Nc6 3. d4 cxd4 4. Nxd4 e5 5. Nb5 d6 6. c4 Be7 7. N1c3 a6 8. Na3 f5 9. exf5 Bxf5 10. Bd3 Be6 11. O-O Nf6 12. Be3 O-O 13. Nd5 Rc8 14. Rc1 Kh8 15. Nb6 Rb8 16. Be2 Qe8 17. Nb1 Qg6 18. Kh1 e4 19. Nc3 Ne5 20. Ncd5 Nxd5 21. Nxd5 Bg5 22. Qd2 Bxe3 23. fxe3 Bg4 24. Bxg4 Qxg4 25. Rf4 Qh5 26. Rxf8+ Rxf8 27. Nf4 Qh6 28. Qe2 g5 29. Nd5 Rf7 30. Qd1 1/2-1/2

[Event "Bermuda-A"]
[Site "Bermuda"]
[Date "2003.02.01"]
[Round "7"]
[White "Motylev, Alexander"]
[Black "Shabalov, Alexander"]
[Result "1-0"]
[WhiteElo "2640"]
[BlackElo "2613"]
[PlyCount "81"]
[EventDate "2003.01.25"]
[Source "ChessBase"]
[SourceDate "2003.05.26"]

1. e4 c5 2. Nf3 Nc6 3. d4 cxd4 4. Nxd4 e5 5. Nb5 d6 6. N1c3 a6 7. Na3 b5 8. Nd5 Nce7 9. c4 Nxd5 10. exd5 bxc4 11. Nxc4 Nf6 12. Be3 Rb8 13. Be2 Be7 14. a4 O-O 15. O-O Rb4 16. Bd2 Nxd5 17. Bxb4 Nxb4 18. Qd2 Nc6 19. Ne3 Nd4 20. Bc4 Bg5 21. Qd3 Qb6 22. a5 Qa7 23. Kh1 h6 24. b4 Kh8 25. Rad1 Qb7 26. Qc3 Bd7 27. Bd5 Qb8 28. Qb2 f5 29. Nc4 Ba4 30. Ra1 Bb5 31. Rfe1 Rc8 32. Na3 Be8 33. Rad1 Ba4 34. Rd3 Nc2 35. Nxc2 Rxc2 36. Qa3 Qb5 37. Rf3 Bd2 38. Rxf5 Rc8 39. Qf3 Bf4 40. Rg1 Qxb4 41. Rf7 1-0

[Event "4th Open A"]
[Site "Moscow RUS"]
[Date "2008.02.09"]
[Round "8"]
[White "Smirnov, P."]
[Black "Moiseenko, A1."]
[Result "1/2-1/2"]
[WhiteElo "2599"]
[BlackElo "2643"]
[PlyCount "133"]
[EventDate "2008.02.02"]
[Source "www.chesslib.no"]
[SourceDate "2004.05.04"]

1. e4 c5 2. Nf3 Nc6 3. d4 cxd4 4. Nxd4 e5 5. Nb5 d6 6. N1c3 a6 7. Na3 Be7 8. Nc4 b5 9. Ne3 Nf6 10. g3 O-O 11. Bg2 b4 12. Ncd5 Nxd5 13. Nxd5 Bg5 14. Bxg5 Qxg5 15. O-O Rb8 16. Qd3 a5 17. a3 bxa3 18. Rxa3 Be6 19. Rd1 Rfc8 20. Rc3 Bg4 21. Re1 Qd8 22. Ne3 Be6 23. Rd1 Nd4 24. Rxc8 Qxc8 25. c3 Nb5 26. Nf5 Bxf5 27. exf5 Qc5 28. Qd5 Qxd5 29. Rxd5 Kf8 30. Bf1 Nc7 31. Rxd6 Ke7 32. Rd2 f6 33. Bc4 Rb6 34. Kf1 Rd6 35. Ke2 Rxd2+ 36. Kxd2 Kd6 37. Bg8 h6 38. Kc2 Kc5 39. Kb3 Nb5 40. Ka4 Kb6 41. Bc4 Nd6 42. Bd3 Nb7 43. b4 axb4 44. Kxb4 Nc5 45. Bc2 Kc6 46. f3 Na6+ 47. Ka5 Nc5 48. Bb1 Nb3+ 49. Kb4 Nc5 50. Be4+ Kd6 51. Kb5 Nd7 52. c4 Nc5 53. Kb6 Nd7+ 54. Kb5 Nc5 55. Bd5 Nd7 56. g4 Nc5 57. Kb4 Nd3+ 58. Kb5 Nc5 59. h4 Nd7 60. Be4 Nc5 61. Bd5 Nd7 62. Be6 Nc5 63. Kb6 Nb3 64. Kb5 Nd4+ 65. Kb6 Nb3 66. Kb7 Nd2 67. Kb6 1/2-1/2

[Event "Clichy"]
[Site "Clichy"]
[Date "2001.06.30"]
[Round "6"]
[White "Bauer, Christian"]
[Black "Tregubov, Pavel V"]
[Result "1/2-1/2"]
[WhiteElo "2612"]
[BlackElo "2628"]
[PlyCount "115"]
[EventDate "2001.06.25"]
[Source "ChessBase"]
[SourceDate "2001.11.13"]

1. e4 c5 2. Nf3 Nc6 3. d4 cxd4 4. Nxd4 e5 5. Nb5 d6 6. N1c3 a6 7. Na3 b5 8. Nd5 Nge7 9. c4 Nxd5 10. exd5 Nd4 11. cxb5 Be7 12. Bd3 Bg5 13. O-O Bxc1 14. Rxc1 O-O 15. Nc2 Nxb5 16. a4 Nc7 17. Nb4 Ne8 18. Nc6 Qg5 19. Rc4 Kh8 20. f4 exf4 21. Rcxf4 Nf6 22. Bf5 Bxf5 23. Rxf5 Qe3+ 24. Kh1 Rae8 25. b4 Ne4 26. Qd4 Nc3 27. Qxe3 Rxe3 28. h3 f6 29. Kh2 Rc8 30. R1f3 Rxf3 31. Rxf3 Nxd5 32. b5 axb5 33. axb5 Nb6 34. Ra3 h5 35. Ra6 Nd7 36. Nd4 Rc4 37. Rxd6 Ne5 38. b6 Rb4 39. Ne6 Kh7 40. Nd8 Kg6 41. b7 Nf7 42. Nxf7 Kxf7 43. Rd7+ Kg6 44. Kg3 f5 45. Kf3 Kf6 46. Ke3 g5 47. Kd3 Ke6 48. Rh7 h4 49. Kc3 Rb1 50. Kd4 Kd6 51. Rg7 g4 52. hxg4 fxg4 53. Rxg4 Rb4+ 54. Ke3 Rxb7 55. Rxh4 Ke5 56. Rh6 Rb3+ 57. Kf2 Kf5 58. g4+ 1/2-1/2

[Event "Olimpiadi 2008 - open"]
[Site "Dresda GER"]
[Date "2008.11.14"]
[Round "2"]
[White "Polgar, Ju"]
[Black "Sveshnikov, E."]
[Result "1-0"]
[WhiteElo "2711"]
[BlackElo "2525"]
[PlyCount "163"]
[EventDate "2008.11.13"]
[Source "www.chesslib.no"]
[SourceDate "2004.05.04"]

1. e4 c5 2. Nf3 Nc6 3. d4 cxd4 4. Nxd4 e5 5. Nb5 d6 6. c4 Be7 7. N1c3 a6 8. Na3 Be6 9. Nd5 Nf6 10. Be3 O-O 11. Bd3 Nd7 12. Qd2 h6 13. Nxe7+ Qxe7 14. Rd1 Nf6 15. O-O Ng4 16. Bb6 Qh4 17. h3 Nf6 18. Rfe1 Nd7 19. Be3 Nc5 20. Bb1 Nxe4 21. Bxe4 Qxe4 22. Bb6 Qg6 23. Qxd6 Rfe8 24. b3 Re7 25. Qd3 Bf5 26. Qg3 Qxg3 27. fxg3 h5 28. Nb1 Bxb1 29. Rxb1 Re6 30. Rbd1 Nb4 31. Bc5 a5 32. a3 Na6 33. Be3 Rc8 34. Rd7 b6 35. Rf1 a4 36. b4 Rxc4 37. Rfxf7 Rg6 38. Rf5 Rxg3 39. Bxb6 Rc2 40. Bf2 Rxa3 41. b5 Nc5 42. Bxc5 Rxc5 43. Rg5 Rxb5 44. Rgxg7+ Kh8 45. Rh7+ Kg8 46. Rdg7+ Kf8 47. Ra7 Kg8 48. Rhg7+ Kh8 49. Kh2 Ra5 50. Rh7+ Kg8 51. Rag7+ Kf8 52. Rc7 Kg8 53. Rhg7+ Kh8 54. Rge7 Ra8 55. Rxe5 Rb3 56. Rxh5+ Kg8 57. Rhh7 a3 58. Rcg7+ Kf8 59. Ra7 Kg8 60. Rhb7 Rxa7 61. Rxa7 Kh8 62. h4 Kg8 63. g3 Rb2+ 64. Kh3 a2 65. h5 Kh8 66. g4 Kg8 67. Kh4 Rh2+ 68. Kg5 Rb2 69. h6 Rb5+ 70. Kg6 Rb6+ 71. Kh5 Rb2 72. g5 Rc2 73. g6 Rc5+ 74. Kg4 Rc4+ 75. Kf5 Rc5+ 76. Ke4 Rc4+ 77. Kd5 Rc8 78. Rxa2 Kh8 79. Ra7 Rb8 80. Kc6 Kg8 81. Rd7 Ra8 82. g7 1-0

[Event "Hoogovens"]
[Site "Wijk aan Zee"]
[Date "1990.??.??"]
[Round "7"]
[White "Nunn, John DM"]
[Black "Short, Nigel D"]
[Result "1-0"]
[WhiteElo "2600"]
[BlackElo "2635"]
[PlyCount "66"]
[EventDate "1990.01.??"]
[Source "ChessBase"]

1. e4 c5 2. Nf3 Nc6 3. d4 cxd4 4. Nxd4 e5 5. Nb5 d6 6. g3 h5 7. N1c3 a6 8. Na3 h4 9. Bg2 h3 10. Bf1 b5 11. Nd5 Nce7 12. Bg5 f6 13. Be3 Nxd5 14. Qxd5 Rb8 15. O-O-O Ne7 16. Qxd6 Qxd6 17. Rxd6 Nf5 18. Rb6 Rxb6 19. Bxb6 Nd6 20. f3 Be6 21. Bc5 Be7 22. Be2 Nb7 23. Bxe7 Kxe7 24. b3 Nd6 25. c3 g6 26. Nc2 a5 27. Rd1 f5 28. exf5 gxf5 29. Bf1 f4 30. gxf4 exf4 31. Nd4 Bd7 32. Ne2 Bc6 33. Nxf4 Bxf3 1-0

[Event "Buenos Aires"]
[Site "?"]
[Date "1996.??.??"]
[Round "?"]
[White "Almasi, Z."]
[Black "Milov, V."]
[Result "1/2-1/2"]
[WhiteElo "2650"]
[BlackElo "2585"]
[PlyCount "39"]
[EventDate "1996.??.??"]
[Source "ChessBase"]
[SourceDate "1996.02.01"]

1. e4 c5 2. Nf3 Nc6 3. d4 cxd4 4. Nxd4 e5 5. Nb5 d6 6. c4 Be7 7. N1c3 a6 8. Na3 Be6 9. Nc2 Bg5 10. Be2 Bxc1 11. Rxc1 Nf6 12. O-O O-O 13. Qd2 Qb8 14. Rfd1 Rd8 15. Qe3 Qa7 16. Qxa7 Rxa7 17. f3 Raa8 18. Nd5 Kf8 19. Bf1 Rac8 20. Kf2 1/2-1/2

[Event "EuTCh"]
[Site "Plovdiv"]
[Date "2003.10.20"]
[Round "9"]
[White "Van den Doel, Erik"]
[Black "Moiseenko, Alexander"]
[Result "1/2-1/2"]
[WhiteElo "2609"]
[BlackElo "2618"]
[PlyCount "122"]
[EventDate "2003.10.10"]
[Source "Roberto Alvarez"]
[SourceDate "2003.10.20"]

1. e4 c5 2. Nf3 Nc6 3. d4 cxd4 4. Nxd4 e5 5. Nb5 d6 6. N1c3 a6 7. Na3 Be7 8. Nc4 b5 9. Ne3 Nf6 10. g3 h5 11. Bg2 h4 12. O-O g6 13. a4 b4 14. Ncd5 Be6 15. c3 bxc3 16. bxc3 Kf8 17. Ba3 Bxd5 18. Nxd5 Nxd5 19. Qxd5 Rc8 20. Rab1 Kg7 21. Rfd1 hxg3 22. hxg3 Nb8 23. Rb7 Nd7 24. Bxd6 Bxd6 25. Qxd6 Nf6 26. Rb6 a5 27. Bf3 Qxd6 28. Rdxd6 Nh7 29. Rdc6 Ng5 30. Kg2 Rcd8 31. Rd6 Rxd6 32. Rxd6 Rc8 33. Rd5 Rxc3 34. Bd1 Nxe4 35. Rxa5 f6 36. Rd5 Ra3 37. a5 Ra2 38. Bb3 Rxf2+ 39. Kg1 Rb2 40. Rd7+ Kh6 41. Bd5 Nc3 42. Bb7 Ra2 43. a6 Kg5 44. Kf1 f5 45. Rd3 Ne4 46. Re3 Nd2+ 47. Kf2 Nc4+ 48. Re2 Ra5 49. Rc2 Nd6 50. Rb2 e4 51. Rb4 Ra3 52. Ke2 Kf6 53. Kd2 Ke5 54. Kc2 g5 55. Rb1 e3 56. Rd1 f4 57. Rd5+ Ke6 58. Rxg5 Ra2+ 59. Kd1 Nxb7 60. axb7 e2+ 61. Ke1 Rb2 1/2-1/2

[Event "Biel"]
[Site "?"]
[Date "1996.??.??"]
[Round "?"]
[White "Almasi, Z."]
[Black "Milov, V."]
[Result "1/2-1/2"]
[WhiteElo "2655"]
[BlackElo "2565"]
[PlyCount "145"]
[EventDate "1996.??.??"]
[Source "ChessBase"]
[SourceDate "1996.06.01"]

1. e4 c5 2. Nf3 Nc6 3. d4 cxd4 4. Nxd4 e5 5. Nb5 d6 6. c4 Be7 7. b3 Nf6 8. Bd3 O-O 9. O-O Nd7 10. N1c3 a6 11. Na3 Bg5 12. Bb2 Nc5 13. Nc2 Be6 14. Kh1 Rb8 15. f3 Bf4 16. g3 Bh6 17. Be2 Bh3 18. Rg1 Ne6 19. Bf1 Bxf1 20. Qxf1 f5 21. exf5 Rxf5 22. Qd3 Rf7 23. Rad1 Ned4 24. Rgf1 b5 25. Nxd4 Nxd4 26. Nd5 Nf5 27. c5 Rc8 28. cxd6 Qxd6 29. Qe4 Qg6 30. Qxe5 Bg5 31. Ba3 h6 32. Qe4 Rc2 33. g4 Nh4 34. Qxg6 Nxg6 35. Bd6 Rxa2 36. f4 Be7 37. Bb8 Bc5 38. f5 Ne7 39. Nf4 Nc6 40. Rc1 Nxb8 41. Rxc5 Nd7 42. Rc8+ Rf8 43. Rc7 Rd2 44. Re1 Rd4 45. Ne6 Re8 46. Nxd4 Rxe1+ 47. Kg2 Nf6 48. h3 Nd5 49. Rd7 Nf4+ 50. Kg3 Nd3 51. Ne6 Re3+ 52. Kg2 g5 53. Rg7+ Kh8 54. Ra7 Nf4+ 55. Nxf4 gxf4 56. Rxa6 Kg7 57. Rg6+ Kh7 58. b4 Rg3+ 59. Kh2 Rb3 60. h4 Rxb4 61. g5 hxg5 62. hxg5 f3 63. Rh6+ Kg8 64. Kg3 f2 65. Rh1 Re4 66. Rf1 b4 67. Rxf2 b3 68. f6 Rb4 69. f7+ Kf8 70. g6 Rb8 71. Rh2 Kg7 72. Re2 Rb6 73. Rb2 1/2-1/2

[Event "Podolsk"]
[Site "?"]
[Date "1993.??.??"]
[Round "?"]
[White "Tiviakov, S."]
[Black "Sveshnikov, E."]
[Result "0-1"]
[WhiteElo "2635"]
[BlackElo "2570"]
[PlyCount "80"]
[EventDate "1993.??.??"]
[Source "ChessBase"]
[SourceDate "1993.10.01"]

1. e4 c5 2. Nf3 Nc6 3. d4 cxd4 4. Nxd4 e5 5. Nb5 d6 6. c4 Be6 7. Bd3 Be7 8. O-O Rc8 9. b3 Nf6 10. Bb2 O-O 11. N1c3 a6 12. Na3 Ne8 13. Nd5 Bg5 14. Nc2 Ne7 15. Nce3 Nxd5 16. cxd5 Bd7 17. Qe2 g6 18. g3 Bh3 19. Ng2 Bf6 20. Rac1 Bg7 21. Rxc8 Qxc8 22. Rc1 Qd8 23. Ne3 Bd7 24. f4 exf4 25. gxf4 Nf6 26. Qf3 Nh5 27. Ba3 Qf6 28. Rf1 Qd4 29. Bb1 f5 30. exf5 Re8 31. Bc1 Nf6 32. Kg2 gxf5 33. Rd1 Qa1 34. Bxf5 Qxa2+ 35. Kh1 Rxe3 36. Bxh7+ Kxh7 37. Qxe3 Bf5 38. Bd2 Nxd5 39. Qf3 Nf6 40. Qg3 Qc2 0-1

[Event "Tilburg"]
[Site "Tilburg"]
[Date "1988.??.??"]
[Round "?"]
[White "Short, Nigel D"]
[Black "Van der Wiel, John TH"]
[Result "1/2-1/2"]
[WhiteElo "2665"]
[BlackElo "2540"]
[PlyCount "55"]
[EventDate "1988.09.??"]
[Source "ChessBase"]

1. e4 c5 2. Nf3 Nc6 3. d4 cxd4 4. Nxd4 e5 5. Nb5 d6 6. c4 Be7 7. Be2 Be6 8. Be3 a6 9. N5c3 Bg5 10. O-O Bxe3 11. fxe3 Nf6 12. Na3 O-O 13. Qd2 Rc8 14. Rad1 Qb6 15. Nc2 Ne7 16. b3 Rfd8 17. Bd3 Qc5 18. a4 Qb6 19. h3 Nd7 20. Rb1 a5 21. Ne1 Nc5 22. Bc2 Nc6 23. Nf3 Nb4 24. Rf2 Rf8 25. Nh4 g6 26. Nf3 Rcd8 27. Ng5 Kg7 28. Nb5 1/2-1/2

[Event "Thessaloniki (ol)"]
[Site "?"]
[Date "1988.??.??"]
[Round "?"]
[White "Short, N."]
[Black "van der Wiel, J."]
[Result "1/2-1/2"]
[WhiteElo "2665"]
[BlackElo "2540"]
[PlyCount "71"]
[EventDate "1988.??.??"]
[Source "ChessBase"]
[SourceDate "1988.07.01"]

1. e4 c5 2. Nf3 Nc6 3. d4 cxd4 4. Nxd4 e5 5. Nb5 d6 6. N5c3 Nf6 7. Bg5 Be7 8. Bxf6 Bxf6 9. Nd5 O-O 10. Bc4 Bg5 11. Nbc3 Kh8 12. h4 Bh6 13. g4 Bf4 14. Be2 Be6 15. Qd3 Rc8 16. a3 Bxd5 17. Nxd5 Ne7 18. Nxf4 exf4 19. O-O-O Qb6 20. Qd4 Qb3 21. Bd3 Qe6 22. Qxa7 Qxg4 23. Qxb7 Qe6 24. Qb4 Nc6 25. Qc4 Qf6 26. Qd5 Ne5 27. c3 Ng4 28. e5 dxe5 29. Rd2 Qe7 30. Bf5 Rcd8 31. Qf3 Rxd2 32. Kxd2 Nh6 33. Bc2 f5 34. Kc1 Qc7 35. Qe2 Ng4 36. Bxf5 1/2-1/2